000 00619nam a22002057a 4500
005 20260416105333.0
010 _aENG-148270
020 _a9789391870423
_c350.00
035 _aEN-131802
037 _bDBAD
082 _a158.1
_21
100 _aSinha, Mosam
245 _aApproach to meditation:
_ba step by step guide/
_cMosam Sinha [and] Neetika
250 _a1
260 _aNew Delhi
_bD.P.S. Publishing House
_c2022
270 _a4598/12B, Gola Cottage, Ansari Road, Daryaganj
_bNew Delhi
_e110002
300 _a81p.
_c22cm(hb)
700 _aNeetika
_988925
942 _2ddc
_cEN
_mSIN
_h158.1
999 _c215895
_d215895